书目信息 |
| 题名: |
骥跃天中
|
|
| 作者: | 徐则挺 主编 | |
| 分册: | ||
| 出版信息: | 郑州 河南科学技术出版社 2011.01 |
|
| 页数: | 204页 | |
| 开本: | 25cm | |
| 丛书名: | 中原文化记忆丛书 | |
| 单 册: | ||
| 中图分类: | K296.13 | |
| 科图分类: | ||
| 主题词: | 文化史--wen hua shi--驻马店市 | |
| 电子资源: | ||
| ISBN: | 978-7-5349-4795-7 | |
| 000 | 00955nam 2200265 450 | |
| 001 | 1154365508 | |
| 005 | 20111111150725.35 | |
| 010 | @a978-7-5349-4795-7@dCNY82.00@z7-5349-4816-9 | |
| 010 | @a978-7-5349-4795-7@dCNY82.00@z7-5349-4795-2 | |
| 100 | @a20110321d2011 em y0chiy50 ea | |
| 101 | 0 | @achi |
| 102 | @aCN@b410000 | |
| 105 | @aa z 000yy | |
| 200 | 1 | @a骥跃天中@Aji yue tian zhong@e驻马店@f本册主编徐则挺 |
| 210 | @a郑州@c河南科学技术出版社@d2011.01 | |
| 215 | @a204页@c图 (部分彩图)@d25cm | |
| 225 | 2 | @a中原文化记忆丛书@Azhong yuan wen hua ji yi cong shu |
| 330 | @a本书主要包括谈古说今 —— 古韵新姿系沧桑 ; 要事回放 —— 风云激荡几春秋 ; 名人扫描 —— 星汉灿烂入画屏 ; 寻根问祖 —— 悠悠桑梓情等。 | |
| 410 | 0 | @12001 @a中原文化记忆丛书 |
| 517 | 1 | @a驻马店@Azhu ma dian |
| 606 | 0 | @a文化史@Awen hua shi@y驻马店市 |
| 690 | @aK296.13@v4 | |
| 701 | 0 | @a徐则挺@Axu ze ting@4主编 |
| 801 | 0 | @aCN@c20110321 |
| 905 | @dK296.13@eX846 | |
| 骥跃天中:驻马店/本册主编徐则挺.-郑州:河南科学技术出版社,2011.01 |
| 204页:图 (部分彩图);25cm.-(中原文化记忆丛书) |
| ISBN 978-7-5349-4795-7:CNY82.00 |
| 本书主要包括谈古说今 —— 古韵新姿系沧桑 ; 要事回放 —— 风云激荡几春秋 ; 名人扫描 —— 星汉灿烂入画屏 ; 寻根问祖 —— 悠悠桑梓情等。 |
| ● |
| 相关链接 |
|
|
|
正题名:骥跃天中
索取号:K296.13/X846
 
预约/预借
| 序号 | 登录号 | 条形码 | 馆藏地/架位号 | 状态 | 备注 |
| 1 | 1221407 | 212214076 | 社科库309/309社科库 39排2列6层/ [索取号:K296.13/X846] | 在馆 |